انسانی حقوق (Record no. 553930)

000 -LEADER
fixed length control field 00322nam a22001217a 4500
082 ## - DEWEY DECIMAL CLASSIFICATION NUMBER
Classification number 297
Author Mark Haqqani
-- Masjid
100 ## - MAIN ENTRY--PERSONAL NAME
Personal name Muhammad Rahim Haqqani
9 (RLIN) 51169
245 ## - TITLE STATEMENT
Title انسانی حقوق
260 ## - PUBLICATION, DISTRIBUTION, ETC.
Place of publication, distribution, etc. Lahore
Name of publisher, distributor, etc. Jumita Publicers
Date of publication, distribution, etc. 2000
300 ## - PHYSICAL DESCRIPTION
Extent 150
526 ## - STUDY PROGRAM INFORMATION NOTE
Program name 0
Interest level 0
Reading level 0
Title point value 297_000000000000000_HAQQANI
942 ## - ADDED ENTRY ELEMENTS (KOHA)
Source of classification or shelving scheme
Koha item type Book
Holdings
Withdrawn status Lost status Source of classification or shelving scheme Damaged status Not for loan Permanent Location Current Location Date acquired Total Checkouts Total Renewals Full call number Barcode Date last seen Date last checked out Price effective from Koha item type
          Military College of Engineering (MCE) Military College of Engineering (MCE) 07/19/2017 1 1 297 Haqqani MCE-227M 04/03/2020 03/20/2020 07/19/2017 Book
© 2023 Central Library, National University of Sciences and Technology. All Rights Reserved.